Sports Quiz

Random Sports or Baseball Quiz

Opening Day Lineups: Mets Quiz Stats

 Plays Quiz Updated Jan 16, 2019

Challenge
Share
Tweet
Embed
Score 0/253 Timer 15:00
15 Plays Today
Year Player % Correct
2009David Wright
95.7%
2008David Wright
95.7%
2007David Wright
95.7%
2006David Wright
95.7%
2005David Wright
95.7%
2010David Wright
95.7%
2011David Wright
95.2%
2012David Wright
95.2%
2013David Wright
95%
2014David Wright
94.8%
2015David Wright
94.7%
2016David Wright
94.2%
2009Jose Reyes
93.1%
2008Jose Reyes
93.1%
2007Jose Reyes
93.1%
2006Jose Reyes
93.1%
2005Jose Reyes
93.1%
2005Mike Piazza
91.3%
2004Mike Piazza
91.3%
2003Mike Piazza
91.3%
2002Mike Piazza
91.3%
2001Mike Piazza
91.3%
2000Mike Piazza
91.3%
1999Mike Piazza
91.3%
2011Jose Reyes
90.9%
2017Jose Reyes
90.7%
2009Carlos Beltran
87.6%
2008Carlos Beltran
87.6%
2007Carlos Beltran
87.6%
2006Carlos Beltran
87.6%
2005Carlos Beltran
87.6%
2018Yoenis Cespedes
86.2%
2018Noah Syndergaard
86%
2016Matt Harvey
85.4%
2017Yoenis Cespedes
84.6%
2016Yoenis Cespedes
84.2%
2008Johan Santana
83.6%
2009Johan Santana
83.6%
2010Johan Santana
83.6%
2009Carlos Delgado
83.1%
2008Carlos Delgado
83.1%
2007Carlos Delgado
83.1%
2006Carlos Delgado
83.1%
2017Noah Syndergaard
82.7%
2011Carlos Beltran
82.5%
2015Lucas Duda
82.4%
2016Lucas Duda
81.9%
2017Lucas Duda
81.1%
2015Curtis Granderson
81%
2016Curtis Granderson
80.5%
2014Curtis Granderson
79.5%
2018Jay Bruce
78.6%
2012Johan Santana
78.5%
2018Asdrubal Cabrera
78.4%
2013Lucas Duda
77.9%
2017Curtis Granderson
77.8%
2017Asdrubal Cabrera
77.3%
2015Daniel Murphy
77.3%
2012Lucas Duda
76.6%
2011Ike Davis
76.2%
2012Ike Davis
76.2%
2013Daniel Murphy
76.1%
2013Ike Davis
76%
2016Asdrubal Cabrera
75.8%
2012Daniel Murphy
75.4%
2016Neil Walker
75.3%
2016Travis d'Arnaud
75%
2014Ike Davis
74.8%
2018Adrian Gonzalez
74.7%
2015Travis d'Arnaud
74.7%
2017Jay Bruce
74.6%
2017Neil Walker
74%
1991Howard Johnson
72.6%
1992Howard Johnson
72.6%
1993Howard Johnson
72.6%
1997Lance Johnson
72.4%
1996Lance Johnson
72.4%
2014Travis d'Arnaud
72%
2018Todd Frazier
71.5%
2015Bartolo Colon
71.1%
2005Pedro Martinez
67.9%
2015Juan Lagares
67.8%
2016Michael Conforto
67.1%
2016Juan Lagares
66.9%
2007Paul LoDuca
66.9%
Year Player % Correct
2006Paul LoDuca
66.9%
2018Amed Rosario
65.9%
2014Juan Lagares
65.6%
2018Brandon Nimmo
65%
2009Luis Castillo
64.5%
2008Luis Castillo
64.5%
2010Luis Castillo
64.3%
2010Jason Bay
63.9%
2015Wilmer Flores
63.9%
2007Tom Glavine
63.5%
2006Tom Glavine
63.5%
2004Tom Glavine
63.5%
2003Tom Glavine
63.5%
1991Dwight Gooden
63.2%
1994Dwight Gooden
63.2%
1993Dwight Gooden
63.2%
2001Robin Ventura
62%
2000Robin Ventura
62%
1999Robin Ventura
62%
2002Rey Ordonez
61.9%
2001Rey Ordonez
61.9%
2000Rey Ordonez
61.9%
1999Rey Ordonez
61.9%
1998Rey Ordonez
61.9%
1997Rey Ordonez
61.9%
1996Rey Ordonez
61.9%
2018Kevin Plawecki
61.7%
2002Al Leiter
61.3%
2001Al Leiter
61.3%
1999Al Leiter
61.3%
1999John Olerud
61.2%
1998John Olerud
61.2%
1997John Olerud
61.2%
2006Anderson Hernandez
60.5%
2013Ruben Tejada
60.2%
2014Ruben Tejada
60.1%
2012Ruben Tejada
59.8%
2009Daniel Murphy
59.5%
2002Edgardo Alfonzo
59.1%
2001Edgardo Alfonzo
59.1%
2000Edgardo Alfonzo
59.1%
1999Edgardo Alfonzo
59.1%
1998Edgardo Alfonzo
59.1%
1998Bobby Jones
58.7%
1996Bobby Jones
58.7%
1995Bobby Jones
58.7%
2012Jason Bay
58.4%
1997Todd Hundley
57%
1996Todd Hundley
57%
1995Todd Hundley
57%
1994Todd Hundley
57%
1993Todd Hundley
57%
1992Todd Hundley
57%
2017Rene Rivera
55.1%
1992Bobby Bonilla
54%
1999Bobby Bonilla
54%
1995Bobby Bonilla
54%
1994Bobby Bonilla
54%
1993Bobby Bonilla
54%
2013Jonathon Niese
52.8%
2003Mo Vaughn
52.8%
2002Mo Vaughn
52.8%
2003Roberto Alomar
52.2%
2002Roberto Alomar
52.2%
2008Angel Pagan
51.4%
2001Todd Zeile
50.8%
2000Todd Zeile
50.8%
2014Eric Young
48.8%
1992David Cone
48.8%
2014Dillon Gee
48.2%
2000Rickey Henderson
47.9%
1999Rickey Henderson
47.9%
2007Shawn Green
47.3%
2006Cliff Floyd
47.2%
2005Cliff Floyd
47.2%
2004Cliff Floyd
47.2%
2003Cliff Floyd
47.2%
2013John Buck
46.5%
2011Angel Pagan
45.8%
2001Benny Agbayani
45.1%
2011Josh Thole
45.1%
2012Josh Thole
45.1%
2015Michael Cuddyer
44.6%
2005Kazuo Matsui
43.9%
2004Kazuo Matsui
43.9%
Year Player % Correct
1996Jeff Kent
43.9%
1995Jeff Kent
43.9%
1994Jeff Kent
43.9%
1993Jeff Kent
43.9%
2011Mike Pelfrey
43.5%
2009Brian Schneider
42.7%
2008Brian Schneider
42.7%
2000Mike Hampton
42%
2004Mike Cameron
39.7%
2009Ryan Church
39.5%
2008Ryan Church
39.5%
2010Rod Barajas
39.4%
2014Andrew Brown
39.2%
2007Moises Alou
39.1%
2010Jeff Francoeur
39%
1998Bernard Gilkey
38.5%
1997Bernard Gilkey
38.5%
1996Bernard Gilkey
38.5%
1991Vince Coleman
38.1%
1992Vince Coleman
38.1%
1993Vince Coleman
38.1%
2000Derek Bell
37.2%
1991Kevin McReynolds
36.9%
1994Kevin McReynolds
36.9%
2010Mike Jacobs
36.9%
2002Jay Payton
36.8%
2001Jay Payton
36.8%
2003Jeromy Burnitz
36.8%
2002Jeromy Burnitz
36.8%
1994Jeromy Burnitz
36.8%
2007Jose Valentin
36.8%
2013Marlon Byrd
35.9%
2003Roger Cedeno
35.5%
2002Roger Cedeno
35.5%
2005Eric Valent
35%
2012Andres Torres
35%
1998Carlos Baerga
34.2%
1997Carlos Baerga
34.2%
1993Tony Fernandez
33.1%
1993Eddie Murray
32.9%
1992Eddie Murray
32.9%
2010Alex Cora
32.7%
1998Butch Huskey
31.4%
1997Butch Huskey
31.4%
1996Butch Huskey
31.4%
2003Rey Sanchez
31.3%
1991Gregg Jefferies
31.1%
2013Collin Cowgill
30.5%
2004Jason Phillips
30.4%
2010Gary Matthews, Jr.
30.1%
2006Xavier Nady
29.7%
1996Rico Brogna
29.6%
1995Rico Brogna
29.6%
2001Darryl Hamilton
29.4%
2000Darryl Hamilton
29.4%
2004Ty Wigginton
29.3%
2003Ty Wigginton
29.3%
1992Kevin Elster
29.1%
2011Willie Harris
29%
1991Dave Magadan
27.5%
1999Brian McRae
27.3%
1998Brian McRae
27.3%
1994Ryan Thompson
24.8%
1992Willie Randolph
24.7%
1996Jose Vizcaino
23.9%
1995Jose Vizcaino
23.9%
1994Jose Vizcaino
23.9%
2011Brad Emaus
23.5%
2004Karim Garcia
23.4%
2005Doug Mientkiewicz
22.9%
1997Carl Everett
21.5%
1995Carl Everett
21.5%
1991Charlie O'Brien
20.9%
1995Brett Butler
20.7%
1994David Segui
20.6%
1995David Segui
20.6%
1991Hubie Brooks
20.3%
1997Pete Harnisch
20%
1991Tommy Herr
18.7%
1993Joe Orsulak
17%
2004Ricky Gutierrez
15.8%
1992Bill Pecota
13.9%
1998Tim Spehr
13.7%

You're not logged in!

Compare scores with friends on all Sporcle quizzes.
OR
Log In

You Might Also Like...

Show Comments

Extras

Top Quizzes Today


Score Distribution

Your Account Isn't Verified!

In order to create a playlist on Sporcle, you need to verify the email address you used during registration. Go to your Sporcle Settings to finish the process.

Report this User

Report this user for behavior that violates our Community Guidelines.

Details: